000 nam a22 7a 4500
999 _c127573
_d127573
008 180301b xxu||||| |||| 00| 0 eng d
020 _a9781779222961
050 _aPN83.P895
100 _aPerlman, Jason (ed.)
_940129
245 _aPractical criticism for A level students of literature
_cedited by Jason Perlman et al..
260 _aHarare
_bWeaver Press
_c2017
300 _aix, 203p.;
_c24cm.
650 _aCriticism, popular
_940029
700 _aChinyanganya, Taurai (ed.)
_940030
700 _aMbono, Njabulo (ed.)
_940031
700 _aStaunton, Irene (ed.)
_922867
700 _aHanssen, Kevin (ed.)
_940032
942 _2lcc
_cMONOGRAPH